<?xml version="1.0" encoding="UTF-8"?><?xml-stylesheet type="text/xsl" href="static/style.xsl"?><OAI-PMH xmlns="http://www.openarchives.org/OAI/2.0/" xmlns:xsi="http://www.w3.org/2001/XMLSchema-instance" xsi:schemaLocation="http://www.openarchives.org/OAI/2.0/ http://www.openarchives.org/OAI/2.0/OAI-PMH.xsd"><responseDate>2026-04-26T21:58:24Z</responseDate><request verb="GetRecord" identifier="oai:uvadoc.uva.es:10324/43975" metadataPrefix="marc">https://uvadoc.uva.es/oai/request</request><GetRecord><record><header><identifier>oai:uvadoc.uva.es:10324/43975</identifier><datestamp>2025-03-26T19:45:11Z</datestamp><setSpec>com_10324_6401</setSpec><setSpec>com_10324_5186</setSpec><setSpec>com_10324_29291</setSpec><setSpec>col_10324_43967</setSpec></header><metadata><record xmlns="http://www.loc.gov/MARC21/slim" xmlns:doc="http://www.lyncode.com/xoai" xmlns:xsi="http://www.w3.org/2001/XMLSchema-instance" xmlns:dcterms="http://purl.org/dc/terms/" xsi:schemaLocation="http://www.loc.gov/MARC21/slim http://www.loc.gov/standards/marcxml/schema/MARC21slim.xsd">
<leader>00925njm 22002777a 4500</leader>
<datafield tag="042" ind1=" " ind2=" ">
<subfield code="a">dc</subfield>
</datafield>
<datafield tag="720" ind1=" " ind2=" ">
<subfield code="a">Narbona Vizcaíno, Rafael</subfield>
<subfield code="e">author</subfield>
</datafield>
<datafield tag="260" ind1=" " ind2=" ">
<subfield code="c">2020</subfield>
</datafield>
<datafield tag="520" ind1=" " ind2=" ">
<subfield code="a">La delegación de competencias soberanas de la monarquía mediante la concesión de fueros y privilegios sostuvo el ejercicio de las libertades urbanas, las cuales de forma ineludible habían de ser juradas por el rey para tomar posesión del trono y ser reconocido por los súbditos en la Corona de Aragón. El análisis de un caso concreto en el ejercicio de esas libertades, como las prerrogativas de la ciudad de Valencia sobre su reino, aplicadas sobre el vizcondado de Chelva, tuvo un gran impacto político, social y económico, muy alejado de la carga emocional implícita a los movimientos sociales medievales, y en especial de aquellos que pretendían conseguir la libertad mediante reivindicaciones programáticas o violentas revueltas. El uso de las libertades de Valencia, garantizado por las prerrogativas legales y jurídicas de los fueros y privilegios, permitió imponer la voluntad política de la capital incluso con una fuerza militar para hacer valer sus derechos jurisdiccionales.</subfield>
</datafield>
<datafield tag="024" ind2=" " ind1="8">
<subfield code="a">Edad Media. Revista de Historia; Núm. 21 (2020): Libertad, autonomía y orden político a fines de la Edad Media pags. 229-255</subfield>
</datafield>
<datafield tag="024" ind2=" " ind1="8">
<subfield code="a">2530-6448</subfield>
</datafield>
<datafield tag="024" ind2=" " ind1="8">
<subfield code="a">http://uvadoc.uva.es/handle/10324/43975</subfield>
</datafield>
<datafield tag="024" ind2=" " ind1="8">
<subfield code="a">10.24197/em.21.2020.229-255</subfield>
</datafield>
<datafield tag="024" ind2=" " ind1="8">
<subfield code="a">229</subfield>
</datafield>
<datafield tag="024" ind2=" " ind1="8">
<subfield code="a">21</subfield>
</datafield>
<datafield tag="024" ind2=" " ind1="8">
<subfield code="a">255</subfield>
</datafield>
<datafield ind1=" " ind2=" " tag="653">
<subfield code="a">Edad Media</subfield>
</datafield>
<datafield tag="245" ind1="0" ind2="0">
<subfield code="a">El dominio de Valencia sobre el vizcondado de Chelva (1395-1408): sobre la libertad de la ciudad y la libertad del reino</subfield>
</datafield>
</record></metadata></record></GetRecord></OAI-PMH>